| 000 | 00497nam a2200157 a 4500 | ||
|---|---|---|---|
| 001 | 000028990 | ||
| 005 | 20200930055249.0 | ||
| 008 | 110413nuuuuuuuudr a 000 | spa d | ||
| 040 |
_aDO-SdBNP _bspa _cBNPHU |
||
| 082 |
_axxx _bH658a |
||
| 245 | 0 | 0 |
_aHimnos de alabanza y adoración / _ccompilación de Juan Fernando González Periel. |
| 260 |
_aSanto Domingo : _b[s.n.], _c[19??]. |
||
| 300 |
_a[48] p. : _bil. ; _c21 cm. |
||
| 700 | 1 |
_aGonzález Periel, Juan Fernando, _ecomp. _955915 |
|
| 049 | _aBNPD | ||
| 999 |
_c28482 _d28482 |
||